1476 1472 1667 1369 1264 1737 1097 1042 1622 1333 1996 1603 1816 1524 1293 1181 1342 1275 1654 1941 1946 1218 1180 1545 1737 1350 1409 1378 1916 1116 1992 1979 1952 1342 1899 1524 1961 1887 1002 1944 1310 1473 1245 1944 1754 1370 1358 1078 1602 1917 1704 1343 1182 1807 1661 1925 1044 1690 1248 1451 1693 1747 1169 1362 1246 1270 1719 1615 1844 1085 1172 1476 1407 1506 1799 1658 1779 1544 1229 1719 1184 1425 1603 1804 1462 1952 1899 1851 1594 1962 1314 1885 1023 1039 1334 1728 1748 1421 1193 BCNSPRNW ULIB Ver.6.0+V

เปลี่ยนเป็นภาษาไทย

Change to English
 แสดงรายละเอียดบรรณานุกรม
  กลับหน้าหลัก

Brief Record : Get Marc (ISO 2709) : E-mail record : QR code < ปิดหน้าต่าง
LEADER : 00000nam 2200000uu 4500
001    13399111011
003     ULIB
008    110614s||||||||th 000 0 tha d
020    9749228375
050  4 AE71^bร495ส 2551
245 00 สารานุกรมรอบรู้ รอบโลก /^c[บรรณาธิการ, สุณี ธนาเลิศกุล...[และคนอื่นๆ] ; คณะผู้แปล, ศ.วิสุทธิ์ บุษยกุล ... [และคนอื่นๆ]
250    พิมพ์ครั้งที่ 6
260    กรุงเทพฯ :^bรีดเดอร์ส ไดเจสท์ (ประเทศไทย),^c2551
300    477 หน้า :^bภาพประกอบ ;^c28 ซม.
650  7 สารานุกรม
700 0  สุณี ธนาเลิศกุล,^eบรรณาธิการ
700 0  ศ.วิสุทธิ์ บุษยกุล,^eผู้แปล
710 2  รีดเดอร์ส ไดเจสท์ (ประเทศไทย)
945    ^p2750^l0^i027486
995    ทศพร
999 ^a ใช้งานได้ทุกระบบ
รายการนี้ยังไม่มีแท็ก
คุณยังไม่ได้ล็อกอิน คุณสามารถมีกิจกรรมร่วมกับเว็บไซต์ได้ แต่ต้องล็อกอินก่อน ::
  ล็อกอิน

รายการสื่อสารสนเทศ

ลำดับที่ ประเภท เลขเรียก/บาร์โค้ด สถานที่ สถานะ
- ไม่พบข้อมูล -

รายการใกล้เคียง
    หัวเรื่อง [สารานุกรม]

BibComment


ยังไม่เคยถูกคอมเมนท์

คอมเมนท์ทรัพยากรรายการนี้
  คอมเมนท์: สารานุกรมรอบรู้ ร..


 Copyright 2026. Bcnsprnw @Library